Top 100 NBA Players 2025 - Statistics

General Stats
  • This quiz has been taken 1,405 times
    38 since last reset
  • The average score is 61 of 100
Answer Stats
Rank Hint Answer % Correct
14 Lakers LeBron James
100%
5 Timberwolves Anthony Edwards
97%
9 Rockets Kevin Durant
97%
8 Warriors Stephen Curry
97%
6 Spurs Victor Wembanyama
97%
3 Bucks Giannis Antetokounmpo
93%
22 Clippers James Harden
93%
1 Nuggets Nikola Jokic
93%
2 Thunder Shai Gilgeous-Alexander
93%
13 Mavericks Anthony Davis
90%
15 Pistons Cade Cunningham
90%
10 Celtics Jaylen Brown
90%
12 Celtics Jayson Tatum
90%
4 Lakers Luka Doncic
90%
7 Cavaliers Donovan Mitchell
87%
17 Suns Devin Booker
83%
31 Magic Franz Wagner
83%
75 Pistons Jalen Duren
83%
30 76ers Joel Embiid
80%
21 Clippers Kawhi Leonard
80%
35 Hawks Trae Young
80%
16 76ers Tyrese Maxey
80%
18 Spurs DeAaron Fox
77%
11 Knicks Jalen Brunson
77%
27 Thunder Jalen Williams
77%
26 Nuggets Jamal Murray
77%
47 Hornets LaMelo Ball
77%
28 Magic Paolo Banchero
77%
25 Pacers Tyrese Haliburton
77%
19 Rockets Alperen Sengun
73%
53 Thunder Chet Holmgren
73%
66 Warriors Draymond Green
73%
90 Rockets Jalen Green
73%
44 Grizzlies Ja Morant
73%
23 Pacers Pascal Siakam
73%
50 Rockets Amen Thompson
70%
20 Cavaliers Evan Mobley
70%
24 Hawks Jalen Johnson
70%
42 Cavaliers Jarret Allen
70%
52 Timberwolves Julius Randle
70%
29 Knicks Karl-Anthony Towns
70%
45 Heat Bam Adebayo
67%
55 Cavaliers Darius Garland
67%
41 Kings Domantas Sabonis
67%
33 Warriors Jimmy Butler
67%
64 Knicks Josh Hart
67%
34 Mavericks Kyrie Irving
67%
37 Lakers Austin Reaves
63%
81 Jazz Keyonte George
63%
62 Nuggets Aaron Gordon
60%
84 Bulls Coby White
60%
72 Mavericks Cooper Flagg
60%
56 Kings DeMar DeRozan
60%
58 Celtics Derrick White
60%
40 Clippers Ivica Zubac
60%
54 Knicks Mikal Bridges
60%
49 Knicks OG Anunoby
60%
46 Grizzlies Jaren Jackson Jr.
57%
71 Hornets Miles Bridges
57%
38 Raptors Scottie Barnes
57%
63 Pelicans Zion Williamson
57%
74 Nets Michael Porter Jr.
53%
32 Clippers Norman Powell
53%
43 Heat Tyler Herro
53%
39 Kings Zach Lavine
53%
36 Blazers Denis Avdija
50%
57 Thunder Isaiah Hartenstein
50%
51 Bulls Josh Giddey
50%
98 Blazers Jrue Holiday
50%
79 Spurs Stephon Castle
50%
67 Raptors Brandon Ingram
47%
48 Jazz Lauri Markkannen
47%
69 Thunder Lu Dort
47%
73 Pistons Tobias Harris
47%
70 Heat Andrew Wiggins
43%
77 Timberwolves Jaden McDaniels
43%
59 Hawks Kristaps Porzingis
43%
89 Timberwolves Rudy Gobert
43%
60 Suns Dillon Brooks
40%
100 Hornets Kon Knueppel
40%
97 Hornets Brandon Miller
37%
86 Wizards CJ McCollum
37%
61 Magic Desmond Bane
37%
88 Spurs Devin Vassell
37%
68 Bulls Nikola Vucevic
37%
76 Hawks Dyson Daniels
33%
65 Raptors RJ Barrett
33%
96 Nets Cam Thomas
30%
83 Rockets Fred VanVleet
30%
92 Blazers Shaedon Sharpe
30%
78 Pelicans Trey Murphy III
30%
85 Celtics Anfernee Simons
27%
95 Pelicans Herb Jones
27%
99 Wizards Alex Sarr
23%
80 Hawks Nickeil Alexander-Walker
23%
93 Blazers Jerami Grant
20%
87 Bucks Kyle Kuzma
20%
82 Cavaliers DeAndre Hunter
17%
91 Pelicans Jordan Poole
17%
94 76ers Quentin Grimes
13%
No matching quizzes found
Score Distribution
Percent of People with Each Score
Percentile by Number Answered
Your Score History
You have not taken this quiz since the last reset